Estadísticas para Ciudades en Cuadrados en un mapa - Europa

Haz click aquí para tomar la prueba!

Estadísticas generales

  • Esta prueba ha sido tomada 1.833 veces
  • La puntuación promedio es 30 de 66

Respuestas en el mapa

Las respuestas están codificadas por una escala verde-roja en el mapa de la prueba según el % correcto abajo.
 

Estadísticas de respuestas

Ciudad% Correcto
Madrid
99%
Londres
94%
Barcelona
93%
Roma
93%
Oslo
92%
Berlín
91%
Dublín
89%
Moscú
88%
Atenas
87%
Kiev
86%
Varsovia
82%
Helsinki
81%
Reikiavik
81%
Bucarest
78%
Estocolmo
76%
Praga
76%
Milán
74%
Copenhague
72%
Ámsterdam
70%
Minsk
69%
Riga
69%
Viena
69%
San Petersburgo
68%
Sevilla
68%
Nápoles
63%
Málaga
62%
Múnich
60%
Lyon
57%
Palma de Mallorca
56%
Marsella
55%
Glasgow
53%
Vilna
52%
Hamburgo
51%
Vigo
47%
Zaragoza
44%
Birmingham
43%
Cracovia
40%
Colonia
39%
Bergen
31%
Nantes
31%
Odesa
30%
Cagliari
26%
Skopie
23%
Jerez de la Frontera
20%
Brístol
17%
Cluj-Napoca
15%
Aarhus
13%
Járkov
13%
Rostov del Don
13%
Sochi
13%
Múrmansk
12%
Oulu
12%
Leópolis
11%
Trondheim
11%
Dnipró
10%
Nizhni Nóvgorod
10%
Tarento
9%
Varna
9%
Heraclión
8%
Sevastopol
7%
Arcángel
5%
Vorónezh
5%
Bryansk
3%
Petrozavodsk
3%
Riazán
3%
Veliki Nóvgorod
3%

Distribución de puntuación

Porcentaje por número respondido

Porcentaje de gente con cada puntuación

Historial de tus puntuaciones

No has tomado esta prueba